000
00293nam a22001337a 4500
008
170421b xxu||||| |||| 00| 0 eng d
020
_a
2900321543270
041
_a
eng
080
_2
3RD
_a
573
100
_a
11
101
_a
SHM
245
_a
BIOLOGICAL SCIENCE
_c
FREEMAN, S
942
_2
udc
_c
BK
999
_c
11471
_d
11471